000 00777cam a2200217 i 4500
005 20260202103557.0
008 250721s2017 jo gr 000 0 ara d
020 _a9789957309633
082 1 4 _a371.3
_bع و د
100 1 _aعودة، شيماء
_eمؤلف.
245 1 0 _a100 فكرة ولعبة لصف مليء بالتفاعل والنشاط /
_cالباحثة شيماء عودة.
250 _aالطبعة الاولى.
264 3 1 _aعمان :
_bفضاءات للنشر والتوزيع،
_c2017.
300 _a227 صفحة.
650 1 7 _aطرق التعلم.
650 1 7 _aاساليب التدريس.
650 1 7 _aالالعاب التعليمية.
650 1 7 _aاللعب ( تدريس).
942 _2ddc
_cBK
999 _c139738
_d139738